00647 2200241 4500001002100000005001700021008004100038035002400079082001000103090001700113100002400130245007100154250001100225260003300236300002500269500002700294650001400321700002100335850001500356980001300371985000600384999001500390YOGYA-0209000006305720090227040129.0 ind  0010-020900000063057 a615.4 a615.4bSup J aSUPARTO, Sudarmilah aJamu Jawa aslicSoedarmilah Soeparto; penyunting, Vincent Djauhari aCet. 1 aJakartabSinar Harapanc1984 a170 hlmbilusc21 cm aBibliografi : hlm. 170 aJamu Jawa aJauhari, Vincent aYOPDYOG(B) a29-07-06 a1 aP000026146